| Registos Bibliográficos associados ao registo de autoridade |
|
Etiqueta de registo: 00000nam 2200025 450 001 1858418 003 http://id.bnportugal.gov.pt/bib/catbnp/1858418 010 ## $a978-989-98014-1-7 021 ## $aPT$b350551/12 100 ## $a20131211d2012 c y0pory01030103ba 101 0# $apor 102 ## $aPT 105 ## $aa z 000fy 106 ## $ar 200 1# $aContos especiais de crianças e animais$fCláudia Paixão$gil. Sónia Pereira 205 ## $a1ª ed 210 #9 $a[S.l.]$cCláudia Paixão,$d2012$e[Óbidos]$gVárzea da Rainha Impr.) 215 ## $a28 p.$cil.$d21 cm 675 ## $a087.5$vBN$zpor$3287999 675 ## $a821.134.3-93"20"$vBN$zpor$31046482 675 ## $a821.134.3-34"20"$vBN$zpor$31018838 700 #1 $aPaixão,$bCláudia,$f1976-$31556610 702 #1 $91$aPereira,$bSónia$4440$31556613 801 #0 $aPT$bBN$gRPC 856 41 $uhttp://rnod.bnportugal.gov.pt/ImagesBN/winlibimg.aspx?skey=&doc=1858418&img=36013&save=true 900 ## $aBIBNAC$d20140114 966 ## $lBN$mFGMON$sP. 38891 V.$x1
Etiqueta de registo: 00000nam 2200025 450 001 1880884 003 http://id.bnportugal.gov.pt/bib/catbnp/1880884 021 ## $aPT$b377080/14 100 ## $a20140806d2014 c y0pory01030103ba 101 0# $apor 102 ## $aPT 105 ## $aa z 000yy 106 ## $ar 200 1# $aÁgua de sonho$ftexto e il. Alunos do 1º ano J da Escola Básica de Brejo$gdir., coord. Sónia Pereira 210 #9 $a[Oliveira de Azeméis]$cAgrupamento de Escolas de Loureiro,$d2014 215 ## $a23, [1] p.$cil.$d20 cm 675 ## $a371.3(469.321)$vBN$zpor$31377883 675 ## $a373.32(469.321)$vBN$zpor$31377377 702 #1 $91$aPereira,$bSónia$4340$31556613 710 02 $aAlunos do 1º ano J da Escola Básica de Brejo$31582374 801 #0 $aPT$bBN$gRPC 856 41 $uhttp://rnod.bnportugal.gov.pt/ImagesBN/winlibimg.aspx?skey=&doc=1880884&img=47048&save=true 900 ## $aBIBNAC$d20140901 966 ## $lBN$mFGMON$sS.C. 43389 P.$x1 966 ## $lBN$mFGMON$sS.C. 43389 P.-D$x1
Etiqueta de registo: 00254nam 2200025 450 001 2109776 003 http://id.bnportugal.gov.pt/bib/catbnp/2109776 021 ## $aPT$b501567/22 100 ## $a20220912d2022 m y0pory01030103ba 101 0# $apor 102 ## $aPT 105 ## $aa z 000yy 106 ## $ar 200 1# $aPadre Félix e o Centro Paroquial de São Bernardo$fDaniela Cardoso$gil. Sónia Pereira 205 ## $a1ª ed 210 #9 $aSão Bernardo$c[s.n.],$d2022 215 ## $a16 p.$cil.$d21 cm 675 ## $a087.5$vBN$zpor$3287999 675 ## $a272-726.1/.6Félix, Padre(0.053.5)$vBN$zpor$31858525 675 ## $a929Félix, Padre(0.053.5)$vBN$zpor$31858526 700 #1 $aCardoso,$bDaniela,$f1992-$31850862 702 #1 $91$aPereira,$bSónia$4440$31556613 801 #0 $aPT$bBN$gRPC 856 41 $uhttp://rnod.bnportugal.gov.pt/ImagesBN/winlibimg.aspx?skey=&doc=2109776&img=168794&save=true 900 ## $aBIBNAC$d20220913 966 ## $lBN$mFGMON$sP. 60903 V.$x1 966 ## $lBN$mFGMON$sP. 60903 V.-D$x1 971 ## $cjbeatriz$d20220912 972 ## $e0$z0$d20220913$viquintas 973 ## $csteixeira$d20220915
Etiqueta de registo: 00254nam 2200025 450 001 2131597 003 http://id.bnportugal.gov.pt/bib/catbnp/2131597 010 ## $a978-989-33-3921-3 021 ## $aPT$b506508/22 100 ## $a20230516d2022 c y0pory01030103ba 101 0# $apor 102 ## $aPT 105 ## $aa z 000fy 106 ## $ar 200 1# $aEstá escuro, e depois?$fSónia Pereira$gil. Sara Reis 205 ## $a1ª ed 210 #9 $a[S.l.$cs.n.],$d2022 215 ## $a[30] p.$cil.$d21 cm 675 ## $a087.5$vBN$zpor$3287999 675 ## $a821.134.3-93"20"$vBN$zpor$31046482 700 #1 $91$aPereira,$bSónia$31556613 702 #1 $92$aReis,$bSara$4440$31721432 801 #0 $aPT$bBN$gRPC 856 41 $uhttp://rnod.bnportugal.gov.pt/ImagesBN/winlibimg.aspx?skey=&doc=2131597&img=179018&save=true 900 ## $aBIBNAC$d20230607 966 ## $lBN$mFGMON$sP. 62663 V.$x1 966 ## $lBN$mFGMON$sP. 62663 V.-D$x1 971 ## $cdpenetra$d20230516 972 ## $e0$z0$d20230607$vmsebas 973 ## $cigoulao$d20230523
Etiqueta de registo: 00254nam 2200025 450 001 2286850 003 http://id.bnportugal.gov.pt/bib/catbnp/2286850 010 ## $a978-989-38-1142-9 021 ## $aPT$b560478/26 100 ## $a20260526d2026 c y0pory01030103ba 101 0# $apor 102 ## $aPT 105 ## $aa z 000yy 106 ## $ar 200 1# $aManuel, o menino que adorava aviões$fRomão Pedroso, Maria João Carapinha$gil. Sónia Pereira 210 #9 $aLIsboa$cFlamingo,$d2026 215 ## $a37, [3] p.$cil.$d23 cm 700 #1 $aPedroso,$bRomão,$f1986-$31999231 701 #1 $aCarapinha,$bMaria João,$f1991$4070$31999232 702 #1 $91$aPereira,$bSónia$4440$31556613 801 #0 $aPT$bBN$gRPC 966 ## $lBN$mFGMON$x1 971 ## $cisantos$d20260526
|
|
|